| 000 | 00532nam a2200193Ia 4500 | ||
|---|---|---|---|
| 005 | 20250508162651.0 | ||
| 008 | 008 250505s9999 xx 000 0 eng d | ||
| 037 | _aTextual | ||
| 040 |
_aFEDL _beng _cFEDL |
||
| 041 |
_aeng _2eng |
||
| 084 |
_a370.954, KOH _qFEDL |
||
| 100 |
_aKohli V K _9773756 |
||
| 245 | 0 | _aIndia education and its problems | |
| 260 |
_aAmbala, India _bCity Vivek Publishers _c1987 |
||
| 300 | _a368p. | ||
| 650 | _aEducation | ||
| 942 |
_cTEXL _h370.954, KOH |
||
| 999 |
_c1377941 _d1377941 |
||